LEADER 01055nam--2200373---450- 001 990003691930203316 005 20120927091003.0 010 $a978-88-654-2093-5 035 $a000369193 035 $aUSA01000369193 035 $a(ALEPH)000369193USA01 035 $a000369193 100 $a20120927d2012----km-y0itay50------ba 101 0 $aita 102 $aIT 105 $a||||||||001yy 200 1 $aEros e pulchritudo$etra antico e moderno$fa cura di Valeria Sorge e Lidia Palumbo 210 $aNapoli$cLa scuola di Pitagora$d2012 215 $a346 p.$d21 cm 225 2 $aCriterio$v2 410 0$12001$aCriterio$v2 606 0 $aBello$2BNCF 676 $a111.85 702 1$aSORGE,$bValeria 702 1$aPALUMBO,$bLidia 801 0$aIT$bsalbc$gISBD 912 $a990003691930203316 951 $aII.1.D. 5685$b237900 L.M.$cII.1.D.$d00059130 959 $aBK 969 $aUMA 979 $aPASSARO$b90$c20120927$lUSA01$h0905 979 $aPASSARO$b90$c20120927$lUSA01$h0910 996 $aEros e pulchritudo$91142463 997 $aUNISA LEADER 01280nas a2200313 i 4500 001 991002699359707536 005 20231114120913.0 008 011205m19771981it || | |ita 022 $a0390-6736 035 $ab11695948-39ule_inst 035 $aPERLE005733$9ExL 080 $aCDU 63 229 3$aIl montanaro d'Italia, Monti e boschi 245 03$aIl montanaro d'Italia, Monti e boschi :$brivista dell'Unione nazionale comuni, comunità ed enti montani. - 1977-1981 260 $aBologna :$bEdagricole,$c1977-1981 310 $aBimestrale. 591 $aCodice CNR: P 00040632 592 $aLE009 1977-1981; 650 $aProtezione della natura$zItalia$vPeriodici 650 $aSelvicoltura$vPeriodici 650 $aComunità montane$zItalia$vPeriodici 780 $tMonti e boschi : rivista mensile di tecnica agraria e forestale e di vita montana 780 00$aIl$tmontanaro d'Italia : quindicinale dell'Unione nazionale comuni ed enti montani 907 $a.b11695948$b02-04-14$c08-07-02 912 $a991002699359707536 945 $aLE009 Per. G. 134$g1$lle009$o-$pE0.00$q-$rn$so $t18$u0$v0$w0$x0$y.i11927306$z08-07-02 996 $aMontanaro d'Italia. Monti e boschi$9792781 997 $aUNISALENTO 998 $ale009$b01-01-01$cs$da $e-$fita$git $h3$i1